| 000 | 00384nam a22001697a 4500 | ||
|---|---|---|---|
| 005 | 20160530093632.0 | ||
| 008 | 160530b xxu||||| |||| 00| 0 eng d | ||
| 020 | _a81-297-0256-8 | ||
| 041 | _aeng | ||
| 082 | _b5869 | ||
| 100 |
_aMalhotra, Naresh K _91466 |
||
| 245 | _aMarketing Research | ||
| 260 |
_bPearsons _c2005 |
||
| 300 | _a713 | ||
| 650 |
_aManagement _9241 |
||
| 942 | _cBK | ||
| 999 |
_c2080 _d2079 |
||